| 000 | 05374cam a22019094i 4500 | ||
|---|---|---|---|
| 003 | PE-LiUPU | ||
| 005 | 20250813165655.0 | ||
| 008 | 150625s2006 pe a rb 000 0 spa d | ||
| 035 | _a(Sirsi) a38187 | ||
| 040 |
_aPE-LiUPU _bspa _cPE-LiUPU _dPE-LiUPU _erda |
||
| 049 | _aPRUA | ||
| 082 | 0 | 4 |
_a657.4 _bG53 _221 |
| 082 | 0 | 4 |
_a657.42 _bG49 2011 |
| 082 | 0 | 4 |
_a657.42 _bG53 T2 2006 |
| 100 | 1 |
_aGiraldo Jara, Demetrio, _eautor. |
|
| 245 | 1 | 0 |
_aContabilidad de costos _bTomo II / _cDemetrio Giraldo Jara. |
| 250 | _aSexta Edición. | ||
| 264 | 1 |
_aLima : _bDistribuciones Torres, _c2006. |
|
| 300 |
_a319 páginas : _bilustraciones ; _c21 centímetros |
||
| 336 |
_atext _2rdacontent |
||
| 337 |
_aunmediated _2rdamedia |
||
| 338 |
_avolume _2rdacarrier |
||
| 500 | _aMonografías Desarrolladas de Sistemas de Costos por Ordenes Específicas, Sistemas de Costos por Procesos, Sistemas de Costos por Procesos Conjuntos (sub productos), Costos estimados, Costos Estándares y precios Basados en Costo-Volúmen - Utilidad y Punto de Equilibrio. | ||
| 505 | 0 |
_gVolumen 2. _aProcedimientos de costos y formas de costeo -- Sistemas y procedimientos de costos -- Sistema de costos por órdenes específicas -- Sistema de costos por procesos -- Costos estimados -- Costos estándar -- Precios básados en costos y punto de equilibrio. |
|
| 526 | _aP203 | ||
| 526 | _aP200 | ||
| 526 | _aSEG65 | ||
| 526 | _aSEG64 | ||
| 526 | _aSEG63 | ||
| 526 | _aSEG62 | ||
| 526 | _aSEG61 | ||
| 526 | _aSEG60 | ||
| 526 | _aSEG59 | ||
| 526 | _aSEG58 | ||
| 526 | _aSEG57 | ||
| 526 | _aSEG56 | ||
| 526 | _aSEG55 | ||
| 526 | _aSEG54 | ||
| 526 | _aSEG53 | ||
| 526 | _aSEG52 | ||
| 526 | _aSEG51 | ||
| 526 | _aSEG50 | ||
| 526 | _aSEG49 | ||
| 526 | _aSEG48 | ||
| 526 | _aSEG47 | ||
| 526 | _aSEG46 | ||
| 526 | _aSEG24 | ||
| 526 | _aSEG23 | ||
| 526 | _aSEG22 | ||
| 526 | _aSEG21 | ||
| 526 | _aSEG20 | ||
| 526 | _aSEG19 | ||
| 526 | _aSEG18 | ||
| 526 | _aSEG17 | ||
| 526 | _aSEG16 | ||
| 526 | _aSEG14 | ||
| 526 | _aSEG13 | ||
| 526 | _aSEG12 | ||
| 526 | _aSEG11 | ||
| 526 | _aSEG10 | ||
| 526 | _aSEG09 | ||
| 526 | _aSEG06 | ||
| 526 | _aSEG05 | ||
| 526 | _aSEG04 | ||
| 526 | _aSEG03 | ||
| 526 | _aSEG02 | ||
| 526 | _aSEG68 | ||
| 526 | _aSEG66 | ||
| 526 | _aSEG45 | ||
| 526 | _aSEG25 | ||
| 526 | _aSEG01 | ||
| 526 | _aP163 | ||
| 526 | _aP162 | ||
| 526 | _aP161 | ||
| 526 | _aP160 | ||
| 526 | _aP159 | ||
| 526 | _aP158 | ||
| 526 | _aP157 | ||
| 526 | _aP156 | ||
| 526 | _aP155 | ||
| 526 | _aP154 | ||
| 526 | _aP153 | ||
| 526 | _aP152 | ||
| 526 | _aP151 | ||
| 526 | _aP150 | ||
| 526 | _aP149 | ||
| 526 | _aP142 | ||
| 526 | _aP141 | ||
| 526 | _aP140 | ||
| 526 | _aP139 | ||
| 526 | _aP138 | ||
| 526 | _aP137 | ||
| 526 | _aP132 | ||
| 526 | _aP131 | ||
| 526 | _aP130 | ||
| 526 | _aP126 | ||
| 526 | _aP125 | ||
| 526 | _aP124 | ||
| 526 | _aP123 | ||
| 526 | _aP115 | ||
| 526 | _aP122 | ||
| 526 | _aP121 | ||
| 526 | _aP116 | ||
| 526 | _a P114 | ||
| 526 | _aP112 | ||
| 526 | _aP111 | ||
| 526 | _aP104 | ||
| 526 | _aP103 | ||
| 526 | _aP102 | ||
| 526 | _aP101 | ||
| 526 | _aP100 | ||
| 526 | _aP96 | ||
| 526 | _aP95 | ||
| 526 | _aP93 | ||
| 526 | _aP92 | ||
| 526 | _aP91 | ||
| 526 | _aP88 | ||
| 526 | _aP83 | ||
| 526 | _aP82 | ||
| 526 | _aP79 | ||
| 526 | _aP78 | ||
| 526 | _aP75 | ||
| 526 | _aP74 | ||
| 526 | _aP71 | ||
| 526 | _aP69 | ||
| 526 | _a P51 | ||
| 526 | _aP49 | ||
| 526 | _aP48 | ||
| 526 | _aP47 | ||
| 526 | _aP33 | ||
| 526 | _aP31 | ||
| 526 | _a P30 | ||
| 526 | _aP29 | ||
| 526 | _aP27 | ||
| 526 | _aP26 | ||
| 526 | _aP25 | ||
| 526 | _aP24 | ||
| 526 | _a P22 | ||
| 526 | _aP10 | ||
| 526 | _aP09 | ||
| 526 | _a P08 | ||
| 526 | _aP06 | ||
| 526 | _aP05 | ||
| 526 | _aP04 | ||
| 526 | _aP01 | ||
| 541 | _g006889; | ||
| 650 | 0 | 4 | _aContabilidad de costos. |
| 910 |
_bjv _clch _d20070814 |
||
| 910 | _cdgt | ||
| 910 |
_btqv _cwelc _d20170526 |
||
| 942 |
_2ddc _cBOOK |
||
| 949 |
_a657.4 G53 2 _wDEWEY _c1 _i57378 _lCCODEBUL1 _mBUL _p10 _r0 _sY _tBOOK _u2015-06-25 _xFCE _PP08 _0COMPRA _o.STAFF. Colección Ciencias Empresariales |
||
| 949 |
_a657.42 G49 2011 _wDEWEY _c1 _iFJ07874 _lCCODEBUJ1 _mBUJ _p27.00 _r0 _sY _tBOOK _u2017-05-26 _xFCE _PP08 _0COMPRA _o.STAFF. Colección General Juliaca |
||
| 949 |
_a657.42 G53 T2 2006 _wDEWEY _c1 _iFT01143 _lCCODEBUJ1 _mBUJ _p{Dolar}20.00 _r0 _sY _tBOOK _xFCE _PP08 _0COMPRA _o.STAFF. Colección General Tarapoto |
||
| 994 |
_aC0 _bPEPRU |
||
| 596 | _a1 2 3 | ||
| 999 |
_a657.4 G53 2 _wDEWEY _c46443 _i57378 _d46443 _e2019-1-14 _f2021-11-5 _g6 _lCCODEBUL1 _mBUL _n15 _q3 _r0 _sY _tBOOK _u2015-6-25 _xFCE _PP08 _0COMPRA _o.STAFF. Colección Ciencias Empresariales |
||
| 999 |
_a657.42 G49 2011 _wDEWEY _c2 _iFJ07874 _d2019-11-26 _e2019-11-20 _f2022-1-31 _g4 _lCCODEBUJ1 _mBUJ _n7 _p27.00 _q29 _r0 _sY _tBOOK _u2015-12-18 _xFCE _PP08 _0COMPRA _o.STAFF. Coleccion General Juliaca |
||
| 999 |
_a657.42 G53 T2 2006 _wDEWEY _c1 _iFT01143 _d2019-8-12 _e2019-8-9 _f2019-2-20 _g1 _lCATALOGING _mBUT _n4 _p20.00 _r0 _sY _tBOOK _u2016-2-10 _xFCE _PP08 _0COMPRA _o.STAFF. Coleccion General |
||
| 980 |
_81 _gALBERTO SANCHEZ Responsable de Automatización |
||